000 00591nam a2200229Ia 4500
003 OSt
005 20221006151419.0
006 a|||||r|||| 00| 0
007 ta
008 221006b |||||||| |||| 00| 0 eng d
020 _c45.00
024 _a22,005
037 _cTextual
040 _aEASL
_cEASL
_beng
041 _2eng
_aeng
100 _aAVIERI Shlomo
_9659113
245 0 _aSocial and political thought of Karl Marx
260 _aCambridge
_bCambridge University Press
_c1970
300 _a268p.
_ccm.
942 _cTEXL
_2CC
999 _c1090091
_d1090091